Meri Zameen, Mera Akhri Hawala / میری زمین میرا آخری حوالہ (Urdu) / (Record no. 211169)
[ view plain ]
| 000 -LEADER | |
|---|---|
| fixed length control field | 00448 a2200157 4500 |
| 003 - CONTROL NUMBER IDENTIFIER | |
| control field | NUST |
| 005 - DATE AND TIME OF LATEST TRANSACTION | |
| control field | 20230327124345.0 |
| 040 ## - CATALOGING SOURCE | |
| Transcribing agency | Nust |
| 082 ## - DEWEY DECIMAL CLASSIFICATION NUMBER | |
| Classification number | 823.2,HAB |
| 100 ## - MAIN ENTRY--PERSONAL NAME | |
| Personal name | Naghma Hadib |
| 9 (RLIN) | 111460 |
| 245 ## - TITLE STATEMENT | |
| Title | Meri Zameen, Mera Akhri Hawala / میری زمین میرا آخری حوالہ (Urdu) / |
| Statement of responsibility, etc. | Naghma Habib |
| 260 ## - PUBLICATION, DISTRIBUTION, ETC. | |
| Place of publication, distribution, etc. | Karachi |
| Name of publisher, distributor, etc. | Mehran Publisher |
| Date of publication, distribution, etc. | May-2014 |
| 300 ## - PHYSICAL DESCRIPTION | |
| Extent | 298.p. |
| 650 ## - SUBJECT ADDED ENTRY--TOPICAL TERM | |
| Topical term or geographic name entry element | Urdu Literature |
| 942 ## - ADDED ENTRY ELEMENTS (KOHA) | |
| Source of classification or shelving scheme | |
| Koha item type | Book |
| Call number prefix | 823.2,HAB |
| Withdrawn status | Lost status | Source of classification or shelving scheme | Damaged status | Not for loan | Permanent Location | Current Location | Shelving location | Date acquired | Full call number | Barcode | Date last seen | Price effective from | Koha item type | Public note |
|---|---|---|---|---|---|---|---|---|---|---|---|---|---|---|
| Military College of Signals (MCS) | Military College of Signals (MCS) | General Stacks | 12/12/2016 | 823.2,HAB | MCS37077 | 12/08/2016 | 12/12/2016 | Book | Almirah No.65, Shelf No.3 | |||||
| Military College of Signals (MCS) | Military College of Signals (MCS) | General Stacks | 12/12/2016 | 823.2,HAB | MCS37078 | 12/08/2016 | 12/12/2016 | Book | Almirah No.65, Shelf No.3 | |||||
| Military College of Signals (MCS) | Military College of Signals (MCS) | General Stacks | 12/12/2016 | 823.2,HAB | MCS37079 | 12/08/2016 | 12/12/2016 | Book | Almirah No.65, Shelf No.3 | |||||
| Military College of Signals (MCS) | Military College of Signals (MCS) | General Stacks | 12/12/2016 | 823.2,HAB | MCS37080 | 12/08/2016 | 12/12/2016 | Book | Almirah No.65, Shelf No.3 | |||||
| Military College of Signals (MCS) | Military College of Signals (MCS) | General Stacks | 12/12/2016 | 823.2,HAB | MCS37081 | 12/08/2016 | 12/12/2016 | Book | Almirah No.65, Shelf No.3 |
